Producciones y productos ganaderos / (Record no. 127917)

MARC details
000 -LEADER
campo de control de longitud fija 00596nam a2200169 4500
001 - NÚMERO DE CONTROL
campo de control 127917
003 - IDENTIFICADOR DE NÚMERO DE CONTROL
campo de control ES-MaACL
005 - FECHA Y HORA DE LA ÚLTIMA TRANSACCIÓN
campo de control 20230906193123.0
007 - CAMPO FIJO DE DESCRIPCIÓN FÍSICA--INFORMACIÓN GENERAL
campo de control de longitud fija t|
008 - DATOS DE LONGITUD FIJA--INFORMACIÓN GENERAL
campo de control de longitud fija 070214s1961 sp r ||||1| spa d
100 1# - ENTRADA PRINCIPAL--NOMBRE DE PERSONA
Nombre de persona Río Ortega, Serapio del.
9 (RLIN) 97333
245 10 - MENCIÓN DEL TÍTULO
Título Producciones y productos ganaderos /
Mención de responsabilidad, etc. Serapio del Río Ortega.
260 ## - PUBLICACIÓN, DISTRIBUCIÓN, ETC.
Lugar de publicación, distribución, etc. Zaragoza :
Nombre del editor, distribuidor, etc. Caja de Ahorros y Monte de Piedad de Zaragoza, Aragón y Rioja,
Fecha de publicación, distribución, etc. 1961.
300 ## - DESCRIPCIÓN FÍSICA
Extensión 222 p. :
Otras características físicas il. ;
Dimensiones 24 cm.
710 2# - ENTRADA AGREGADA--NOMBRE DE ENTIDAD CORPORATIVA
Nombre de entidad corporativa o nombre de jurisdicción como elemento de entrada Caja de Ahorros y Monte de Piedad de Zaragoza, Aragón y Rioja.
9 (RLIN) 2326
852 ## - LOCALIZACIÓN
Ubicación ES-MaACL
Número de control de estantería C-17612
Sublocalización o colección R.48024
Holdings
Estatus retirado Estado de pérdida Estado de daño No para préstamo Biblioteca de origen Biblioteca actual Ubicación en estantería Fecha de adquisición Fuente de adquisición Total de préstamos Signatura topográfica completa Código de barras Visto por última vez Precio de reemplazo Tipo de ítem Koha
        Biblioteca del Ateneo de Madrid Biblioteca del Ateneo de Madrid Galería 17/01/2008     C-17612 1133231 23/02/2023 23/02/2023 Libro impreso